Možnosti rozvoja cestovného ruchu v Rožňavskom okrese diplomová práca

Salvato in:
Dettagli Bibliografici
Autore principale: Klusková, Katarína
Ente Autore: Podnikovohospodárska fakulta EU so sídlom v Košiciach. Katedra marketingu a obchodu
Altri autori: Cseh, Karin
Natura: Libro
Lingua:slovacco
Pubblicazione: Košice 2010
Tags: Aggiungi Tag
Nessun Tag, puoi essere il primo ad aggiungerne!!

MARC

LEADER 00000nam$a2200000$$$4500
001 0123190
005 20240318122805.3
041 0 |a slo 
044 |a SK 
245 1 0 |a Možnosti rozvoja cestovného ruchu v Rožňavskom okrese  |b diplomová práca  |c Katarína Klusková ; škol. Karin Cseh 
264 1 |a Košice  |c 2010 
300 |a 72 s. 
100 1 |a Klusková, Katarína 
700 1 |a Cseh, Karin 
710 2 |a Podnikovohospodárska fakulta EU so sídlom v Košiciach. Katedra marketingu a obchodu